000 00308nam a2200133Ia 4500
100 _aBehforooz/Ali/ Hudson/F.J
942 _cBK
654 _asoftware
245 _aSoftware Engineering Fundamentals
260 _bOxford university press
_c2003
082 _a5.1
_bBEH
300 _a661
546 _aENGLISH
999 _c18973
_d18973